Find 7 Cities: England Quiz Stats

 Plays Quiz not verified by Sporcle

Score 0/7 Timer 03:00
1 Play Today
% Correct
London
91.7%
Southampton
88.3%
Dover
87.9%
Cambridge
86.4%
Manchester
86.4%
Birmingham
86.4%
Bristol
83.3%

You're not logged in!

Compare scores with friends on all Sporcle quizzes.
OR
Log In

Show Comments

Extras

Top Quizzes Today


Score Distribution

Your Account Isn't Verified!

In order to create a playlist on Sporcle, you need to verify the email address you used during registration. Go to your Sporcle Settings to finish the process.

Report this User

Report this user for behavior that violates our Community Guidelines.

Details: